Starlit Journey Lyrics (Kirby Air Riders Theme) - Statistics

General Stats
  • This quiz has been taken 14 times
  • The average score is 138 of 244
Answer Stats
Answer % Correct
Soaring
100%
a
88%
A
88%
high,
88%
and
75%
Horizon
75%
horizon
75%
in
75%
In
75%
like
75%
machine,
75%
on
75%
on,
75%
shooting
75%
sky
75%
stars
75%
the
75%
The
75%
above
63%
be
63%
beckoning
63%
break
63%
call
63%
clouds
63%
depart
63%
engine
63%
everything
63%
faster
63%
fears
63%
feel
63%
finally
63%
Fire
63%
It
63%
knowing
63%
Long
63%
long
63%
need,
63%
Now,
63%
Now
63%
of
63%
our
63%
Our
63%
out,
63%
roads
63%
roar
63%
speed
63%
swirling
63%
symphony
63%
through,
63%
through
63%
Through
63%
time
63%
to
63%
unending
63%
up
63%
vast,
63%
we
63%
We
63%
with
63%
you
63%
You
63%
your
63%
all
50%
as
50%
awaited
50%
back,
50%
by
50%
down
50%
evening
50%
flora,
50%
fly,
50%
green
50%
Higher
50%
lush
50%
Machines
50%
propelling
50%
Racing
50%
reached
50%
See
50%
song
50%
than
50%
us
50%
We'll
50%
Whistling
50%
who
50%
winding
50%
along
38%
anyone
38%
are
38%
art
38%
away
38%
before
38%
bound,
38%
came
38%
can
38%
'cause
38%
Creating
38%
dawn
38%
Don't
38%
dreams
38%
fades
38%
Far
38%
free
38%
glittering
38%
hit
38%
hold
38%
hums
38%
infinite
38%
into
38%
it's
38%
journey
38%
light,
38%
look
38%
nothing
38%
oceans,
38%
rays
38%
tailwind
38%
unknown,
38%
warm
38%
way
38%
weightless
38%
will
38%
Another
25%
dark
25%
flashes
25%
flow
25%
fray
25%
full
25%
lighting
25%
skies
25%
streaks
25%
work
25%
stillness
13%
fright
0%
wightless
0%
No matching quizzes found
Score Distribution
Percent of People with Each Score
Percentile by Number Answered
Your Score History
You have not taken this quiz